000 00494nam a22001697a 4500
005 20231106131452.0
008 231106b |||||||| |||| 00| 0 eng d
020 _a9780702130120
041 _aEnglish
082 _a346.5 BAR
100 _aBarker, HJ
_lEnglish
245 _aThe Drafting of Wills
_cHJ Barker
260 _aCape Town :
_bJuta and Company Ltd,
_c1993
300 _bx, 137 pages ;
_c25 cm.
650 _aLegal practice
_bLaw
942 _cBK
_6ALISON_BN_VRIES
999 _c325
_d325